000
00326nam a2200133Ia 4500
008
220204s9999 xx 000 0 und d
082
_b
SAN.2
100
_a
Karo, Wolf
245
0
_a
Polymer synthesis. V 2
260
_a
New York
_b
Academic
_c
1977
650
_a
Polymer synthesis
700
_a
Sandler, Stanley R
942
_c
BK
999
_c
30121
_d
30121